LEADER 01682nas 2200505-a 450 001 996398437903316 005 20240203213017.0 011 $a1758-7875 035 $a(DE-599)ZDB2052711-1 035 $a(OCoLC)41616082 035 $a(CKB)963018202971 035 $a(CONSER)--2002238779 035 $a(EXLCZ)99963018202971 100 $a19990628b19901997 s-- - 101 0 $aeng 135 $aurcn||||||||| 181 $ctxt$2rdacontent 182 $cc$2rdamedia 183 $acr$2rdacarrier 200 10$aJournal of property finance 210 $aBradford, England $cMCB University Press$d-[1997] 311 $a0958-868X 517 3 $aProperty finance 606 $aReal estate business$zGreat Britain$xFinance$vPeriodicals 606 $aReal estate investment$zGreat Britain$vPeriodicals 606 $aPublications périodiques$2eclas 606 $aSecteur immobilier$2eclas 606 $aFinancement du logement$2eclas 606 $aReal estate business$xFinance$2fast$3(OCoLC)fst01090917 606 $aReal estate investment$2fast$3(OCoLC)fst01091018 607 $aGreat Britain$2fast$1https://id.oclc.org/worldcat/entity/E39PBJdmp7p3cx8hpmJ8HvmTpP 608 $aPeriodicals.$2fast 615 0$aReal estate business$xFinance 615 0$aReal estate investment 615 7$aPublications périodiques. 615 7$aSecteur immobilier. 615 7$aFinancement du logement. 615 7$aReal estate business$xFinance. 615 7$aReal estate investment. 676 $a332.72 712 02$aMCB University Press. 906 $aJOURNAL 912 $a996398437903316 996 $aJournal of property finance$91759061 997 $aUNISA